zpět

Detail výsledku týmu

Harry, Brno

Datum a čas kvízu

30 Celkem bodů Celkový počet nahraných bodů na tomto kvízu bez doplňovacích otázek.
10. Pořadí na kvízu Konečné umístění týmu na tomto kvízu.

Zaznamenané odpovědi

# Otázka Odpověď Body Výsledky
1. Možný budoucí premiér Andrej B... 1B 2D 3A 4C 1
2. Již poněkolikáté vyhrál volby... po Adolfu Hitlerovi 1
3. Minulý týden proběhlo vyhlášen... Jan Špaček 1
4. Minulý týden jsme se dozvěděli... Five Guys 1
5. V pondělní dohrávce 12. kola P... inzultoval spoluhráče (udeřil jej/vlepil mu facku) 1
6. Seřaďte tyto ostrovy dle rozlo... 1C 2A 3D 4B 0
7. Nyní přiřaďte ostrovy ke států... 1A 2C 3B 4D 1
8. Kterému ostrovnímu středomořsk... Kypr 1
9. Nyní si odskočíme ke kinematog... Řek Zorba, Anthony Quinn 0.5
10. Ke kterému středomořskému ostr... Elba 1